Moda od 1850 do 2000 - Statystyki

Ogólne statystyki
  • Ten quiz został rozwiązany 27 razy
    26 od ostatniego zresetowania
  • Średni wynik to 15 z 16
Statystyki odpowiedzi
Obrazkowy Odpowiedź % Poprawnych
Lata 2000
100%
Lata 1850
95%
Lata 1860
95%
Lata 1870
95%
Lata 1880
95%
Lata 1890
95%
Lata 1900
95%
Lata 1910
95%
Lata 1920
95%
Lata 1950
95%
Lata 1960
95%
Lata 1970
95%
Lata 1980
95%
Lata 1990
95%
Lata 1940
91%
Lata 1930
86%
Nie znaleziono quizów pasujących do podanych kryteriów
Rozkład punktacji
Procent ludzi z każdym wynikiem
Percentyl według liczby udzielonych odpowiedzi
Twoja historia wyników
Nie rozwiązałeś tego quizu od ostatniego zresetowania